Оценка и прогнозирование эксплуатационной надёжности технологических трубопроводов; Проблемы геологии и освоения недр

Xehetasun bibliografikoak
Parent link:Проблемы геологии и освоения недр.— 2004.— С. 657-658
Egile nagusia: Мешков Е. М.
Beste egile batzuk: Рудаченко А. В. Александр Валентинович (научный руководитель)
Hizkuntza:errusiera
Argitaratua: 2004
Gaiak:
Formatua: MixedMaterials Liburu kapitulua
KOHA link:https://koha.lib.tpu.ru/cgi-bin/koha/opac-detail.pl?biblionumber=212678

MARC

LEADER 00000naa2a2200000 4500
001 212678
005 20231031192933.0
035 |a (RuTPU)RU\TPU\book\232349 
090 |a 212678 
100 |a 20120329d2004 k y0rusy50 ca 
101 0 |a rus 
102 |a RU 
200 1 |a Оценка и прогнозирование эксплуатационной надёжности технологических трубопроводов  |f Е. М. Мешков  |g науч. рук. А. В. Рудаченко 
320 |a Библиогр.: 3 назв. 
463 0 |0 (RuTPU)RU\TPU\book\77451  |y 5-89503-079-3  |t Проблемы геологии и освоения недр  |o труды Восьмого международного симпозиума имени ак. М. А. Усова студентов и молодых ученых, посвященного 400-летию г. Томска, 5-9 апреля 2004 г., Томск  |f Администрация г. Томска; Томский политехнический университет  |v С. 657-658  |d 2004  |p 913 с. 
610 1 |a технологические трубопроводы 
610 1 |a надёжность 
610 1 |a прогнозирование 
610 1 |a оценка 
610 1 |a эксплуатационные данные 
610 1 |a труды учёных ТПУ 
700 1 |a Мешков  |b Е. М. 
702 1 |a Рудаченко  |b А. В.  |c специалист в области нефтегазового дела  |c доцент Томского политехнического университета, кандидат технических наук  |f 1949-  |g Александр Валентинович  |2 stltpush  |4 727 
801 1 |a RU  |b 63413507  |c 20120329 
801 2 |a RU  |b 63413507  |c 20130514  |g RCR 
942 |c BK